000 00768nam a22001337a 4500
040 _cRUA
082 _aVEM TOP 2015 B509 Or.
100 _aTOP CHAKRIYOUTH; តុប ចក្រៃយុត្តិ
245 _aSituation of herpes virus on non human primate in Cambodia and its diagnostic method at pasteur institute in Cambodia; ស្ថានភាពវីរុសអ៊ែរប៉េសនោលើសត្វស្វានៅប្រទេសកម្ពុជា និងវិធីសាស្ត្រវិនិច្ឆ័យវីរុសអ៊ែរប៉េសនៅវិទ្យាស្ថានប៉ាស្ទ័រ
260 _aRUA
_bPhnom Penh
_c2015
300 _aix;40p.
_bill.
_c29cm.
856 _uTOP CHAKRIYOUTH
942 _cVEM
999 _c9288
_d9288